000 00321nam a22001457a 4500
008 210312b ||||| |||| 00| 0 eng d
020 _a0838580270
041 _aeng
080 _a618
082 _a618
100 _a10
101 _aGJIN
245 _aNeonatology for the Clinical
_cPomerance, J. J
942 _2udc
_cBK
999 _c56515
_d56515